Word Ladder: Behind You All the Way Quiz Stats

 Plays Quiz Updated Feb 5, 2016

Challenge
Share
Tweet
Embed
Score 0/37 Timer 04:00
3 Plays Today
Clue 4-Letter Word % Correct
____-pong (table tennis)PING
95.9%
● Boxing venue ●● RING ●
95%
Enjoy a bookREAD
94.4%
Part of Superman's costumeCAPE
94.1%
Vatican VIPPOPE
93.8%
WatercraftBOAT
92.8%
Deal with tough timesCOPE
92.3%
Monastery residentMONK
92.1%
With previous rung, a classic soft drinkCOLA
91.9%
Beach gritSAND
91.8%
● Layer of paint ●● COAT ●
91.7%
Young male horseCOLT
91.2%
● Hen counterpart ●● COCK ●
91.2%
● Lead Weapon in Clue(do) ●● PIPE ●
89.7%
With next rung, a classic soft drinkCOCA
89.6%
Watermelon scrapRIND
89.6%
Bracelet componentBEAD
89.5%
● Poke fun at ●● MOCK ●
88.9%
● Yankee Doodle's ride ●● PONY ●
88.3%
Clue 4-Letter Word % Correct
Of sound mindSANE
88.3%
To yearn forPINE
88.3%
ExhaustedBEAT
87.8%
Tear apartREND
86.2%
Strike on the headBONK
86.1%
VocalizedSAID
85.3%
Hang wide openGAPE
81.4%
Lost one's tractionSLID
80.4%
Narrow openingSLIT
80%
● ____ Thugs-N-Harmony ●● BONE ●
79.5%
To satisfy an appetiteSATE
78.1%
● Entryway ●● GATE ●
77.6%
CornbreadPONE
77.2%
● Whirl ●● SPIN ●
76.7%
ExpectorateSPIT
73.9%
Leave portSAIL
72.9%
Famed Boston pitcher JohnnySAIN
62.6%
● COMMON BOND ●● TAIL ●
44.9%

Today's Daily Dose

You're not logged in!

Compare scores with friends on all Sporcle quizzes.
Join for Free
OR
Log In

You Might Also Like...

Show Comments

Extras

Top Quizzes Today


Score Distribution

Your Account Isn't Verified!

In order to create a playlist on Sporcle, you need to verify the email address you used during registration. Go to your Sporcle Settings to finish the process.

Report this User

Report this user for behavior that violates our Community Guidelines.

Details: